La historia en controversia: reflexiones, análisis, propuestas

Gorde:
Xehetasun bibliografikoak
Egile Nagusiak: Cavieres Figueroa, Eduardo Lincoyán (autor), Levi, Giovanni (Egilea), Richards, Howards (Egilea), Pitcher, Jonathan (Egilea)
Formatua: Liburua
Hizkuntza:gaztelania
Argitaratua: Valparaíso Universitarias de Valparaíso 2009
Gaiak:
Etiketak: Etiketa erantsi
Etiketarik gabe, Izan zaitez lehena erregistro honi etiketa jartzen!

MARC

LEADER 00000cam a2200000 a 4500
001 UCH5187
003 CL-VaPUC
005 20230913104526.0
008 091008e20090000cl 1 spa d
999 |c 384471  |d 384469 
020 |a 9789561704473 
040 |c Pontificia Universidad Católica de Valparaíso 
082 0 4 |a 901  |b CAV  |2 21 
100 |a Cavieres Figueroa, Eduardo Lincoyán  |e autor  |9 884614 
245 1 3 |a La historia en controversia: reflexiones, análisis, propuestas 
260 |a Valparaíso  |b Universitarias de Valparaíso  |c 2009 
300 |a 161 p 
518 |p Seminario La Historia en Controversia, 1, Valparaíso, 2009 
536 |a Pontificia Universidad Católica de Valparaíso 
546 |a En Español 
583 |a last modification  |c 20190908 07:04:54  |k Rodrigo Vera 
650 0 0 |a Filosofía de la historia  |9 265651 
650 0 0 |a Historiografía   |9 257871 
650 0 0 |a Congresos  |9 257560 
700 1 |a Levi, Giovanni  |e author  |9 621469 
700 1 |a Richards, Howards  |e author  |9 621470 
700 1 |a Pitcher, Jonathan  |e author  |9 621471 
942 |c BK  |2 ddc 
945 |a rbrito  |d 20091008 00:00:00 
952 |0 0  |1 0  |4 0  |6 901_000000000000000_CAV_2009  |7 0  |8 X  |9 507220  |a FDOBUD  |b FDOBUD  |d 2020-01-23  |i 460489K  |o 901 CAV 2009  |p 460489K  |r 2020-01-23  |w 2020-01-23  |y BK_X  |k FHP 
952 |0 0  |1 0  |4 0  |6 901_000000000000000_CAV_2009  |7 0  |8 A  |9 507221  |a BIBHIS  |b BIBHIS  |d 2020-01-23  |i 4665945  |o 901 CAV 2009  |p 4665945  |r 2025-01-20  |w 2020-01-23  |y BK  |k HIS 
952 |0 0  |1 0  |4 0  |6 901_000000000000000_CAV_2009  |7 0  |8 A  |9 507222  |a BIBHIS  |b BIBHIS  |d 2020-01-23  |i 4665953  |o 901 CAV 2009  |p 4665953  |r 2025-01-20  |w 2020-01-23  |y BK  |k HIS 
952 |0 0  |1 0  |4 0  |6 901_000000000000000_CAV_2009  |7 0  |8 A  |9 507223  |a BIBHIS  |b BIBHIS  |d 2020-01-23  |i 4665961  |l 2  |m 1  |o 901 CAV 2009  |p 4665961  |r 2025-01-20  |s 2023-05-15  |w 2020-01-23  |y BK  |k HIS 
952 |0 0  |1 0  |4 0  |6 901_000000000000000_CAV_2009  |7 0  |8 A  |9 507224  |a BIBHIS  |b BIBHIS  |d 2020-01-23  |i 466597K  |o 901 CAV 2009  |p 466597K  |r 2025-01-20  |w 2020-01-23  |y BK  |k HIS 
952 |0 0  |1 0  |4 0  |6 901_000000000000000_CAV_2009  |7 0  |8 A  |9 507225  |a BIBHIS  |b BIBHIS  |d 2020-01-23  |i 4665988  |o 901 CAV 2009  |p 4665988  |r 2025-01-20  |w 2020-01-23  |y BK  |k HIS 
952 |0 0  |1 0  |4 0  |6 901_000000000000000_CAV_2009  |7 0  |8 A  |9 507226  |a BIBHIS  |b BIBHIS  |d 2020-01-23  |i 4665996  |l 2  |m 1  |o 901 CAV 2009  |p 4665996  |r 2025-05-05  |s 2025-04-07  |w 2020-01-23  |y BK  |k HIS 
952 |0 0  |1 0  |4 0  |6 901_000000000000000_CAV_2009  |7 0  |8 A  |9 507227  |a BIBHIS  |b BIBHIS  |d 2020-01-23  |i 4666003  |o 901 CAV 2009  |p 4666003  |r 2025-01-20  |w 2020-01-23  |y BK  |k HIS 
952 |0 0  |1 0  |4 0  |6 901_000000000000000_CAV_2009  |7 0  |8 A  |9 507228  |a BIBHIS  |b BIBHIS  |d 2020-01-23  |i 4666011  |o 901 CAV 2009  |p 4666011  |r 2025-01-20  |w 2020-01-23  |y BK  |k HIS 
952 |0 0  |1 0  |4 0  |6 901_000000000000000_CAV_2009  |7 0  |8 A  |9 507229  |a BIBHIS  |b BIBHIS  |d 2020-01-23  |i 466602K  |o 901 CAV 2009  |p 466602K  |r 2025-01-20  |w 2020-01-23  |y BK  |k HIS 
952 |0 0  |1 0  |4 0  |6 901_000000000000000_CAV_2009  |7 0  |8 A  |9 507230  |a BIBHIS  |b BIBHIS  |d 2020-01-23  |i 4666038  |o 901 CAV 2009  |p 4666038  |r 2025-01-20  |w 2020-01-23  |y BK  |k HIS 
952 |0 0  |1 0  |4 0  |6 901_000000000000000_CAV_2009  |7 0  |8 C  |9 507231  |a BIBCUR  |b BIBCUR  |d 2020-01-23  |i 4666097  |o 901 CAV 2009  |p 4666097  |r 2025-04-22  |w 2020-01-23  |y BK  |k CAC 
952 |0 0  |1 0  |4 0  |6 901_000000000000000_CAV_2009  |7 0  |8 C  |9 507232  |a BIBCUR  |b BIBCUR  |d 2020-01-23  |i 4666100  |o 901 CAV 2009  |p 4666100  |r 2025-04-22  |w 2020-01-23  |y BK  |k CAC 
952 |0 0  |1 0  |4 0  |6 901_000000000000000_CAV_2009  |7 0  |8 C  |9 507233  |a BIBCUR  |b BIBCUR  |d 2020-01-23  |i 4666119  |o 901 CAV 2009  |p 4666119  |r 2025-04-22  |w 2020-01-23  |y BK  |k CAC 
952 |0 0  |1 0  |4 0  |6 901_000000000000000_CAV_2009  |7 0  |8 A  |9 507234  |a BIBING  |b BIBING  |d 2020-01-23  |i 4836839  |o 901 CAV 2009  |p 4836839  |r 2025-01-20  |w 2020-01-23  |y BK  |k CUI 
952 |0 0  |1 0  |3 erb  |4 0  |6 901_000000000000000_CAV_2009  |7 0  |8 A  |9 507235  |a BIBHIS  |b BIBHIS  |i 5144027  |l 1  |o 901 CAV 2009  |p 5144027  |r 2025-01-20  |s 2023-04-24  |w 2020-01-23  |y BK  |z Catalogado en:20150402  |k HIS